[Event "BAN-chB 41st"]
[Site "Dhaka"]
[Date "2015.10.19"]
[Round "5"]
[White "Rahman, Saimon Siddiqur"]
[Black "Hossain, Belal"]
[Result "1-0"]
[WhiteElo "2014"]
[BlackElo "1905"]
[PlyCount "48"]
[EventDate "2015.10.15"]
[EventType "swiss"]
[EventRounds "11"]
[EventCountry "BAN"]
[SourceTitle "CBM 169 Extra"]
[Source "ChessBase"]
[SourceDate "2015.12.18"]
[SourceVersion "1"]
[SourceVersionDate "2015.12.18"]
[SourceQuality "1"]

1. d4 f5 2. Nc3 Nf6 3. Bg5 e6 4. e4 Be7 5. exf5 exf5 6. Bc4 c6 7. Qe2 Kf8 8. 0-0-0 d5 9. Bb3 a5 10. a4 h6 11. Bf4 Na6 12. Nf3 Bd7 13. Ne5 Be8 14. Qd3 g6 15. f3 Nb4 16. Qe2 Nh5 17. Bd2 Bg5 18. g4 Nf4 19. Qf1 Ne6 20. f4 Bf6 21. gxf5 gxf5 22. Be3 Rb8 23. Qh3 Ng7 24. Rhe1 Rh7 1-0

[Event "BAN-chB 41st"]
[Site "Dhaka"]
[Date "2015.10.16"]
[Round "2"]
[White "Hossain, Belal"]
[Black "Masum, Hossain"]
[Result "0-1"]
[WhiteElo "1905"]
[BlackElo "2086"]
[PlyCount "90"]
[EventDate "2015.10.15"]
[EventType "swiss"]
[EventRounds "11"]
[EventCountry "BAN"]
[SourceTitle "CBM 169 Extra"]
[Source "ChessBase"]
[SourceDate "2015.12.18"]
[SourceVersion "1"]
[SourceVersionDate "2015.12.18"]
[SourceQuality "1"]

1. e4 c5 2. Nf3 d6 3. d4 cxd4 4. Nxd4 Nf6 5. Nc3 a6 6. Be2 e6 7. Be3 Qc7 8. 0-0 b5 9. a3 Bb7 10. Bf3 Nbd7 11. Re1 Nc5 12. Bg5 Be7 13. Rc1 h6 14. Bh4 0-0 15. Bg3 Rfd8 16. Nb3 Nxb3 17. cxb3 Qb6 18. b4 Rac8 19. Qb3 Nd7 20. Rcd1 Ne5 21. Bxe5 dxe5 22. Rxd8+ Rxd8 23. Rd1 Rd4 24. h3 Qd6 25. Qc2 Bd8 26. Rxd4 exd4 27. Qd3 Qb6 28. Ne2 e5 29. Ng3 g6 30. Bd1 Bc8 31. Bb3 Qc6 32. Ne2 Be6 33. Bxe6 Qxe6 34. Nc1 Qc4 35. Qd1 f5 36. exf5 gxf5 37. Nd3 Bf6 38. Nc5 Bg7 39. Kh2 e4 40. Qh5 Qf7 41. Qe2 d3 42. Qd2 Qf6 43. f3 Qxb2 44. Qxb2 Bxb2 45. Nb3 e3 0-1